000 00887nam a2200217 a 4500
001 000037288
005 20200930080252.0
008 120321s2006 sp 001 0 spa d
020 _a8400084144
040 _aDO-SdBNP
_bspa
_cBNPHU
100 1 _aFernández de Caleya, Paloma Blanco
_963722
245 1 3 _aEl estudiante de las hierbas :
_bdiario del botánico Juan Isern Batlló y Carrera /
_cPaloma Blanco Fernández de Caleya, Dolores Rodríguez Veiga Isern, Pílar Rodríguez.
260 _aMadrid :
_bCSIC,
_c2006.
300 _a731 p. ;
_c25.
500 _aIncluye índice
504 _aBibliografía : p. 661-669
504 _aIncluye referencias bibliográficas y notas al pie de las páginas
700 1 2 _aRodríguez Veiga Isern, Doleres
_963723
700 1 2 _aRodríguez Veiga Isern, Pilar
_963724
710 2 _aConsejo Superior de Investigaciones Científicas (España)
_915178
999 _c36778
_d36778